[Event "La Palma Island op"]
[Site "Santa Cruz de La Palma"]
[Date "2018.08.10"]
[Round "1"]
[White "Rodriguez Tobio, Coral"]
[Black "Rychagov, Andrey"]
[Result "0-1"]
[WhiteElo "1787"]
[BlackElo "2539"]
[PlyCount "60"]
[EventDate "2018.08.10"]
[EventType "swiss"]
[EventRounds "10"]
[EventCountry "ESP"]
[SourceTitle "CBM 186 Extra"]
[Source "ChessBase"]
[SourceDate "2018.08.24"]
[SourceVersion "1"]
[SourceVersionDate "2018.08.24"]
[SourceQuality "1"]

1. e4 c5 2. Ne2 Nc6 3. g3 g6 4. c3 d5 5. Bg2 dxe4 6. Bxe4 Bg7 7. d3 Nf6 8. Bg2 Bf5 9. Be3 Qd6 10. d4 Ng4 11. dxc5 Nxe3 12. cxd6 Nxd1 13. Kxd1 0-0-0 14. Ke1 Rxd6 15. Nd2 Ne5 16. Nf4 Rhd8 17. Ne4 Bxe4 18. Bxe4 Nc4 19. Rb1 Nd2 20. Bxb7+ Kxb7 21. Rc1 e5 22. Ng2 e4 23. Ke2 Nc4 24. b3 Rd2+ 25. Kf1 Rd1+ 26. Rxd1 Rxd1+ 27. Ne1 Bxc3 28. bxc4 Rxe1+ 29. Kg2 Rxh1 30. Kxh1 Kc6 0-1

[Event "Canarias-chT"]
[Site "San Cristobal de La Laguna"]
[Date "2017.06.24"]
[Round "4.2"]
[White "Rodriguez Tobio, Coral"]
[Black "Donate Villalba, Juan Francisco"]
[Result "0-1"]
[WhiteElo "1732"]
[BlackElo "1862"]
[PlyCount "62"]
[EventDate "2017.06.22"]
[EventType "team-swiss"]
[EventRounds "6"]
[EventCountry "ESP"]
[SourceTitle "EXT 2024"]
[Source "ChessBase"]
[SourceDate "2023.10.10"]
[SourceVersion "1"]
[SourceVersionDate "2023.10.10"]
[SourceQuality "1"]
[WhiteTeam "Dragones Fuerteventura"]
[BlackTeam "Hotel Avda de Canarias II"]
[WhiteTeamCountry "ESP"]
[BlackTeamCountry "ESP"]

1. e4 e5 2. Nf3 Nc6 3. Bb5 Nf6 4. 0-0 Bc5 5. c3 0-0 6. d4 Bb6 7. Bg5 h6 8. Bh4 d6 9. Bxc6 bxc6 10. dxe5 dxe5 11. Qxd8 Rxd8 12. Nxe5 Re8 13. Nxc6 g5 14. e5 Ne4 15. Bg3 h5 16. Re1 Bb7 17. Rxe4 Bxc6 18. Re1 h4 19. Bxh4 gxh4 20. Nd2 Re6 21. Ne4 Rd8 22. Nf6+ Kf8 23. Re2 h3 24. Nh7+ Ke7 25. Ng5 Rg6 26. Nxh3 Rxg2+ 27. Kf1 Rxh2 28. Ng1 Bb5 29. b4 Bxe2+ 30. Nxe2 Rh1+ 31. Ng1 Rg8 0-1

[Event "Arrecife de Lanzarote op"]
[Site "Arrecife de Lanzarote"]
[Date "2017.06.17"]
[Round "9"]
[White "Ramos Aguilar, Jose Manuel"]
[Black "Rodriguez Tobio, Coral"]
[Result "0-1"]
[WhiteElo "2058"]
[BlackElo "1732"]
[PlyCount "72"]
[EventDate "2017.06.11"]
[EventType "swiss"]
[EventRounds "9"]
[EventCountry "ESP"]
[SourceTitle "EXT 2019"]
[Source "ChessBase"]
[SourceDate "2018.10.10"]
[SourceVersion "1"]
[SourceVersionDate "2018.10.10"]
[SourceQuality "1"]

1. c4 e6 2. Nf3 Nf6 3. g3 b6 4. Bg2 Bb7 5. 0-0 Be7 6. Nc3 0-0 7. Re1 d5 8. cxd5 Nxd5 9. e4 Nf6 10. d4 Bb4 11. Qc2 c5 12. a3 cxd4 13. axb4 dxc3 14. bxc3 Nc6 15. Bf4 Qe7 16. Rad1 e5 17. Bg5 Rfd8 18. Nh4 Rac8 19. Nf5 Qe6 20. Rxd8+ Rxd8 21. h4 h6 22. Bc1 Qc4 23. Bf1 Nxb4 24. Bxc4 Nxc2 25. Re2 Rd1+ 26. Kg2 Rxc1 27. Nd6 Ba8 28. Bxf7+ Kf8 29. Bg6 Ne1+ 30. Kh3 Nf3 31. Ra2 a5 32. Rb2 Nd7 33. c4 a4 34. Kg4 Nd4 35. Nf5 Bxe4 36. f4 Nf6+ 0-1

[Event "Isla de la Palma Bonita op 2nd"]
[Site "Isla de la Palma"]
[Date "2017.04.11"]
[Round "6"]
[White "Rodriguez Tobio, Coral"]
[Black "Garcia Padron, Jose"]
[Result "0-1"]
[WhiteElo "1654"]
[BlackElo "2432"]
[PlyCount "86"]
[EventDate "2017.04.08"]
[EventType "swiss"]
[EventRounds "7"]
[EventCountry "ESP"]
[SourceTitle "CBM 177 Extra"]
[Source "ChessBase"]
[SourceDate "2017.04.27"]
[SourceVersion "1"]
[SourceVersionDate "2017.04.27"]
[SourceQuality "1"]

1. e4 e5 2. Nf3 Nc6 3. Bb5 Bc5 4. 0-0 Nf6 5. d3 d6 6. c3 0-0 7. Nbd2 Bd7 8. b4 Bb6 9. Nc4 Nb8 10. Nxb6 axb6 11. Bc4 Be6 12. Bxe6 fxe6 13. Ng5 Qe7 14. f4 exf4 15. Bxf4 h6 16. Nh3 Nbd7 17. Qe2 e5 18. Bd2 Qe6 19. a4 Ra7 20. Ra3 Rfa8 21. Rfa1 Nf8 22. Bc1 Kh7 23. Nf2 Ng6 24. Be3 Qd7 25. a5 Ra6 26. Qb2 b5 27. c4 c6 28. cxb5 cxb5 29. Rc1 Ne7 30. h3 Rc6 31. Rac3 Qe6 32. Nd1 d5 33. exd5 Nfxd5 34. Rxc6 Nxc6 35. Bc5 Nf4 36. Nf2 Qd5 37. Ng4 Nxd3 38. Qc2 e4 39. Rd1 Rd8 40. Ne3 Qg5 41. Bb6 Rd6 42. Bc5 Ncxb4 43. Bxb4 Qxe3+ 0-1

[Event "Montana de Galdar op 1st"]
[Site "Galdar"]
[Date "2016.12.07"]
[Round "4.6"]
[White "Rodriguez Tobio, Coral"]
[Black "Galvan Sarmiento, Jose Luis"]
[Result "1-0"]
[WhiteElo "1592"]
[BlackElo "1922"]
[PlyCount "135"]
[EventDate "2016.12.05"]
[EventType "swiss"]
[EventRounds "9"]
[EventCountry "ESP"]
[SourceTitle "EXT 2024"]
[Source "ChessBase"]
[SourceDate "2023.10.10"]
[SourceVersion "1"]
[SourceVersionDate "2023.10.10"]
[SourceQuality "1"]

1. e4 e6 2. d4 d5 3. Nd2 Nf6 4. e5 Nfd7 5. Ngf3 c5 6. c3 Nc6 7. Nb3 c4 8. Nbd2 f6 9. exf6 Nxf6 10. Be2 Bd6 11. 0-0 Bd7 12. Re1 Qc7 13. b3 b5 14. Bf1 0-0 15. g3 Rae8 16. Bh3 e5 17. Bxd7 Qxd7 18. dxe5 Nxe5 19. Nxe5 Bxe5 20. Qc2 Bxg3 21. Rxe8 Bxh2+ 22. Kxh2 Ng4+ 23. Kg3 Rxe8 24. Nf1 Nf6 25. f3 Nh5+ 26. Kg2 d4 27. cxd4 Qxd4 28. Rb1 c3 29. b4 Qc4 30. Ne3 Qh4 31. Nf5 Qe1 32. Be3 Nf4+ 33. Kh2 Qe2+ 34. Qxe2 Nxe2 35. Re1 c2 36. Bd2 Rd8 37. Bg5 Re8 38. Nd4 Re5 39. Rxe2 Rxg5 40. Rxc2 Rd5 41. Nb3 Rd6 42. Rc8+ Kf7 43. Rc7+ Kf6 44. Rxa7 h5 45. Rc7 Ra6 46. Na5 Ra8 47. Rc5 Rd8 48. Rxh5 Rd2+ 49. Kg3 g5 50. Rh6+ Kf5 51. Rb6 Rxa2 52. Rxb5+ Kf6 53. Nb3 Rb2 54. Nc5 Ke7 55. Ne4 Kd7 56. Nxg5 Kc6 57. Rc5+ Kb6 58. Rc4 Kb5 59. Rd4 Kc6 60. Ne4 Rb1 61. Kg4 Rg1+ 62. Kf5 Rh1 63. f4 Rf1 64. Ke5 Kc7 65. f5 Kc6 66. f6 Kc7 67. Ke6 Rh1 68. Ke7 1-0

[Event "Fuerteventura op 1st"]
[Site "Fuerteventura"]
[Date "2016.09.30"]
[Round "2"]
[White "Rodriguez Tobio, Coral"]
[Black "Martin Rodriguez, Pablo"]
[Result "0-1"]
[WhiteElo "1587"]
[BlackElo "1919"]
[PlyCount "66"]
[EventDate "2016.09.30"]
[EventType "swiss"]
[EventRounds "7"]
[EventCountry "ESP"]
[SourceTitle "EXT 2017"]
[Source "ChessBase"]
[SourceDate "2016.10.25"]
[SourceVersion "1"]
[SourceVersionDate "2016.10.25"]
[SourceQuality "1"]

1. e4 c5 2. Ne2 Nc6 3. g3 g6 4. Bg2 Bg7 5. c3 e6 6. d4 cxd4 7. cxd4 d6 8. Nbc3 a6 9. 0-0 Nge7 10. d5 exd5 11. Nxd5 Nxd5 12. Qxd5 Be6 13. Qd2 Qc7 14. Nc3 0-0 15. Rd1 Rfd8 16. b3 Nb4 17. Bb2 Rac8 18. Rac1 Qd7 19. Ba3 Nc6 20. Bxd6 Qe8 21. Qe1 Bg4 22. Rd2 Nd4 23. Bf4 Rxc3 24. Rxc3 Ne2+ 25. Rxe2 Bxc3 26. Qxc3 Bxe2 27. h4 Qc6 28. Qb2 Bh5 29. Bh6 f6 30. e5 Bf3 31. Bf1 Qd5 32. Qc3 Qd1 33. Qc7 Qxf1+ 0-1

[Event "Canarias-ch (Women)"]
[Site "Vecindario"]
[Date "2016.05.27"]
[Round "1.4"]
[White "Otero Campos, Cintia"]
[Black "Rodriguez Tobio, Coral"]
[Result "0-1"]
[WhiteElo "1229"]
[BlackElo "1543"]
[PlyCount "66"]
[EventDate "2016.05.27"]
[EventType "swiss"]
[EventRounds "6"]
[EventCountry "ESP"]
[SourceTitle "EXT 2024"]
[Source "ChessBase"]
[SourceDate "2023.10.10"]
[SourceVersion "1"]
[SourceVersionDate "2023.10.10"]
[SourceQuality "1"]

1. d4 d5 2. Nf3 Nf6 3. Bf4 c5 4. c3 Nc6 5. e3 Bf5 6. Be2 e6 7. 0-0 h6 8. Nbd2 Nh5 9. Bg3 Nxg3 10. hxg3 Be7 11. Bb5 Bg4 12. Qa4 Kf8 13. Bxc6 bxc6 14. Qxc6 h5 15. Ne5 c4 16. e4 Rc8 17. Qb7 Rc7 18. Qa6 dxe4 19. Nxe4 Qd5 20. Nd2 f6 21. Ng6+ Kg8 22. Nxh8 Kxh8 23. b4 h4 24. gxh4 e5 25. Rfc1 exd4 26. cxd4 Qxd4 27. b5 Qxd2 28. b6 axb6 29. Qxb6 Rc8 30. Qb7 Bc5 31. Rf1 c3 32. Rac1 c2 33. Qe4 Bxf2+ 0-1

[Event "Canarias-ch U16"]
[Site "San Bartolome de Tirajana"]
[Date "2015.04.11"]
[Round "4"]
[White "Rodriguez Mellado, Antonio"]
[Black "Rodriguez Tobio, Coral"]
[Result "1-0"]
[WhiteElo "1953"]
[BlackElo "1554"]
[PlyCount "43"]
[EventDate "2015.04.10"]
[EventType "swiss"]
[EventRounds "7"]
[EventCountry "ESP"]
[SourceTitle "EXT 2024"]
[Source "ChessBase"]
[SourceDate "2023.10.10"]
[SourceVersion "1"]
[SourceVersionDate "2023.10.10"]
[SourceQuality "1"]

1. e4 e6 2. Nf3 d5 3. Nc3 c5 4. exd5 exd5 5. d4 Be6 6. Be2 Nc6 7. 0-0 Nf6 8. Bg5 c4 9. Re1 Be7 10. Bxc4 dxc4 11. Bxf6 Bxf6 12. d5 Bxc3 13. bxc3 Qc8 14. dxe6 fxe6 15. Qd6 Nd8 16. Ng5 Qd7 17. Qf4 h6 18. Ne4 Ke7 19. Rad1 Qc6 20. Rd6 Qc8 21. Red1 Nf7 22. Rd7+ 1-0

[Event "Las Palmas Centro Goya op"]
[Site "Las Palmas"]
[Date "2014.12.08"]
[Round "9"]
[White "Fernandez de la Hoz A, Carlos"]
[Black "Rodriguez Tobio, Coral"]
[Result "0-1"]
[WhiteElo "1754"]
[BlackElo "1455"]
[PlyCount "78"]
[EventDate "2014.12.01"]
[EventType "swiss"]
[EventRounds "9"]
[EventCountry "ESP"]
[SourceTitle "CBM 163 Extra"]
[Source "ChessBase"]
[SourceDate "2014.12.23"]
[SourceVersion "1"]
[SourceVersionDate "2014.12.23"]
[SourceQuality "1"]

1. d4 d5 2. c4 e6 3. Nc3 Bb4 4. Nf3 Nf6 5. Qc2 0-0 6. Bg5 Nbd7 7. e3 c6 8. a3 Qa5 9. Nd2 Bxc3 10. bxc3 Ne4 11. Nxe4 dxe4 12. Bh4 e5 13. Be2 exd4 14. exd4 f5 15. 0-0 h6 16. Be7 Re8 17. Bb4 Qd8 18. a4 Nf6 19. Rfd1 b6 20. a5 Bd7 21. c5 b5 22. c4 bxc4 23. Bxc4+ Be6 24. Be2 Bd5 25. Bd2 Qc7 26. Rdb1 f4 27. f3 g5 28. a6 Rab8 29. Ba5 Rxb1+ 30. Qxb1 Qb8 31. Qc2 Qc8 32. Rb1 Re7 33. Rb2 Qe6 34. Rb8+ Kg7 35. Rb7 exf3 36. Bxf3 Qf7 37. Qb1 Qe6 38. Rb8 Qf7 39. Rb7 Qe6 0-1

[Event "Las Palmas Centro Goya op"]
[Site "Las Palmas"]
[Date "2014.12.07"]
[Round "8"]
[White "Rodriguez Tobio, Coral"]
[Black "Garcia Caballero, Luis"]
[Result "0-1"]
[WhiteElo "1455"]
[BlackElo "1813"]
[PlyCount "74"]
[EventDate "2014.12.01"]
[EventType "swiss"]
[EventRounds "9"]
[EventCountry "ESP"]
[SourceTitle "CBM 163 Extra"]
[Source "ChessBase"]
[SourceDate "2014.12.23"]
[SourceVersion "1"]
[SourceVersionDate "2014.12.23"]
[SourceQuality "1"]

1. e4 e5 2. Nf3 Nf6 3. Nc3 Bb4 4. Bc4 Nc6 5. 0-0 0-0 6. d3 Bxc3 7. bxc3 d5 8. Bxd5 Nxd5 9. exd5 Qxd5 10. h3 b6 11. Re1 Bb7 12. c4 Qd6 13. a4 Rfe8 14. Ba3 Qf6 15. c5 Na5 16. Re3 Qc6 17. Qe1 f6 18. Bb4 e4 19. dxe4 Nc4 20. Rc3 Rxe4 21. Qf1 Nd2 22. Nxd2 Rxb4 23. Raa3 bxc5 24. Nb3 Ba6 25. Rxc5 Qxc5 26. Nxc5 Bxf1 27. Kxf1 Rc4 28. Nd3 Rxc2 29. Nb4 Rc4 30. Nd5 Re8 31. Ne3 Rc1+ 32. Ke2 Re5 33. Kd2 Rec5 34. Ke2 f5 35. f4 R5c3 36. Ra2 g6 37. g4 Rh1 0-1

[Event "Las Palmas Centro Goya op"]
[Site "Las Palmas"]
[Date "2014.12.06"]
[Round "6"]
[White "Rodriguez Tobio, Coral"]
[Black "Gonzalez Armas, Dinia"]
[Result "0-1"]
[WhiteElo "1455"]
[BlackElo "1768"]
[PlyCount "66"]
[EventDate "2014.12.01"]
[EventType "swiss"]
[EventRounds "9"]
[EventCountry "ESP"]
[SourceTitle "CBM 163 Extra"]
[Source "ChessBase"]
[SourceDate "2014.12.23"]
[SourceVersion "1"]
[SourceVersionDate "2014.12.23"]
[SourceQuality "1"]

1. e4 c5 2. Nf3 Nc6 3. d3 g6 4. g3 Bg7 5. c3 e6 6. Bg2 Nge7 7. 0-0 0-0 8. Qe2 d6 9. Bf4 h6 10. h4 Qd7 11. Na3 e5 12. Be3 b6 13. Rad1 Ba6 14. Qd2 Kh7 15. Kh2 d5 16. exd5 Nxd5 17. Rfe1 Rad8 18. Ng1 Nxe3 19. Rxe3 Qd6 20. Bf1 f5 21. Nc2 Qf6 22. Qe1 Bc8 23. Bh3 Bb7 24. Bg2 Rd6 25. Qf1 Rfd8 26. Rde1 Ba6 27. Rd1 e4 28. Ne1 Ne5 29. f3 exf3 30. Ngxf3 Ng4+ 31. Kg1 Nxe3 32. Qe2 Nxd1 33. Qxd1 Bxd3 0-1

[Event "Las Palmas Centro Goya op"]
[Site "Las Palmas"]
[Date "2014.12.05"]
[Round "5"]
[White "Haenen, Tom"]
[Black "Rodriguez Tobio, Coral"]
[Result "1/2-1/2"]
[WhiteElo "1782"]
[BlackElo "1455"]
[PlyCount "49"]
[EventDate "2014.12.01"]
[EventType "swiss"]
[EventRounds "9"]
[EventCountry "ESP"]
[SourceTitle "CBM 163 Extra"]
[Source "ChessBase"]
[SourceDate "2014.12.23"]
[SourceVersion "1"]
[SourceVersionDate "2014.12.23"]
[SourceQuality "1"]

1. d4 d5 2. Nc3 e6 3. e4 Bb4 4. e5 c5 5. Nf3 Nc6 6. Bb5 Nge7 7. 0-0 Qb6 8. a3 Bxc3 9. Bxc6+ Qxc6 10. bxc3 cxd4 11. cxd4 0-0 12. a4 a5 13. Bd2 Bd7 14. c3 Rfb8 15. Qb3 Nc8 16. Rfb1 Ra6 17. Ne1 Nb6 18. Nd3 Nc4 19. Qc2 Nxd2 20. Qxd2 Rb6 21. Nc5 Rxb1+ 22. Rxb1 b6 23. Nxd7 Qxd7 24. Qc2 Qc6 25. Qb3 1/2-1/2

[Event "Las Palmas Centro Goya op"]
[Site "Las Palmas"]
[Date "2014.12.04"]
[Round "4"]
[White "Rodriguez Tobio, Coral"]
[Black "Santana Montjoy, Javier"]
[Result "1-0"]
[WhiteElo "1455"]
[BlackElo "1757"]
[PlyCount "79"]
[EventDate "2014.12.01"]
[EventType "swiss"]
[EventRounds "9"]
[EventCountry "ESP"]
[SourceTitle "CBM 163 Extra"]
[Source "ChessBase"]
[SourceDate "2014.12.23"]
[SourceVersion "1"]
[SourceVersionDate "2014.12.23"]
[SourceQuality "1"]

1. e4 c5 2. Nf3 d6 3. d3 g6 4. g3 Bg7 5. c3 Nc6 6. Bg2 Nf6 7. 0-0 0-0 8. Na3 a6 9. Nc2 c4 10. Re1 cxd3 11. Qxd3 Ng4 12. Qe2 Bd7 13. h3 Nge5 14. Nh2 Be6 15. Ne3 b5 16. f4 Bc4 17. Nxc4 Nxc4 18. Kh1 Rc8 19. g4 e6 20. Be3 d5 21. Rad1 Qa5 22. a3 d4 23. cxd4 Nxe3 24. Qxe3 Nxd4 25. Qd2 Qb6 26. Nf3 Rc2 27. Qe3 Rd8 28. e5 Qc6 29. Rxd4 Rxd4 30. Qxd4 Bf8 31. Rd1 Be7 32. Ne1 Rxg2 33. Nxg2 Qf3 34. Kh2 h5 35. g5 Kg7 36. Qd3 Qf2 37. Rd2 Qc5 38. Qd4 Qc1 39. Qc3 Qf1 40. Rd7 1-0